000 00457nab a22001457 4500
003 ES-SlBCS
005 20210327224013.0
008 140317s2013 sp ||||| |||| 00| 0 spa d
040 _aES-SlBC
_bspa
041 _aspa
100 1 _aNausner, Michael
_991680
245 1 3 _aLa larga sombra de Nefertiti. Teoría poscolonial y teología en Alemania
_cMichael Nausner
773 0 _gNúm. 350, 2013, págs. 97-110
_tConcilium
_wRev134
_x0210-1041
942 _2lcc
_cAR
999 _c451996
_d451996